UM Logo
Normal view MARC view
  • Jao, Casey.

Entry Personal Name

Number of records used in: 1

001 - CONTROL NUMBER

  • control field: 58892

003 - CONTROL NUMBER IDENTIFIER

  • control field: OSt

005 - DATE AND TIME OF LATEST TRANSACTION

  • control field: 20240822154426.0

008 - FIXED-LENGTH DATA ELEMENTS

  • fixed length control field: 240822|| aca||aabn | a|a d

040 ## - CATALOGING SOURCE

  • Original cataloging agency: OSt
  • Transcribing agency: OSt

100 ## - HEADING--PERSONAL NAME

  • Personal name: Jao, Casey.
  • Relator term: author.

670 ## - SOURCE DATA FOUND

  • Source citation: Work cat.: (OSt): Jao, Casey. author., The quintic nls on perturbations for R3 /, June 2019.